000 00649cab a2200229 4500
001 ABS52215
008 090401t1995 xxu||||| |||| 00| 0 eng d
035 _a(Sirsi) u66187
041 _aeng
100 _aThompson, P.
245 _aAfter Latham - will the clients be the prizewinners?
260 _c1995
350 _a0
490 _aEstates Gazette
_v(9508) 25 February 1995, 158-159(2)
520 _aAn architect`s view of the recommendations of the Latham Review "Constructing the team".
650 _aARCHITECTS
650 _aLATHAM REFORMS
650 _aRIBA
690 _aBUILT ENVIRONMENT
942 _n0
948 _c04/03/1997
999 _c41376
_d41376